000 00651nam a2200265Ia 4500
005 20260121165356.0
008 008 260114s9999 xx 000 0 eng d
020 _a9789401776127
037 _aEBOOK
040 _aCRL
040 _beng
040 _cCRL
041 _2eng
041 _aeng
084 _qCRL
100 _aEwald Schnug, Luit J. De Kok
_91050923
245 0 _aPhosphorus in Agriculture: 100 % Zero
260 _bSpringer
260 _bSpringer
260 _c2016
856 _uhttps://link.springer.com/openurl?genre=book&isbn=978-94-017-7612-7
942 _cEBOOK
999 _c1616648
_d1616648